Les 10 Meilleurs Buteurs De L'Ol Depuis 1970 - Statistiques

Statistiques générales
  • Ce quiz a été pris 131 fois
  • Le résultat moyen est 6 sur 10
Statistiques - réponses
Ordre Poste Nationalité Joueur Nombre
De Buts
Nombre de Matchs
Joués avec le club
Saisons
Au Club
% Correct
1 A France AlexandreLacazette 201 349 2009 - 20172022 - 2025
100%
4 M Brésil Juninho 99 343 2001 - 2009
87%
8 A Argentine LisandroLopez 82 168 2009 - 2013
79%
6 M Brésil SonnyAnderson 94 161 1999 - 2003
72%
10 A France SidneyGovou 77 411 1999 - 2010
63%
5 A France BafétimbiGomis 95 244 2009 - 2014
60%
2 A France BernardLacombe 148 253 1970 - 1978
51%
7 A France FleuryDi Nallo 85 185 1970 - 1975
39%
3 M France SergeChiesa 130 511 1970 - 1983
20%
9 A Bosnie SimaNikolic 77 167 1980 - 1985
3%
Aucun quiz correspondant
Distribution des résultats
% des personnes avec chaque résultat
Percentile par nombre de réponses
Votre historique - résultats
Vous n’avez pas pris ce quiz